Allgemeinwissen 4.0 - Statistiken

Allgemein
  • Dieses Quiz wurde 142 mal gespielt
  • Das Durchschnittsergebnis liegt bei 6 aus 12
Answers on the Grid
Answers color-coded by a green-red scale on the quiz's grid according to % correct below.
Angela Merkel ist jetzt 82 Jahre alt.
Barack Obama war der erste weiße amerikanische Präsident.
Die USA werden derzeit von Joe Biden regiert. ( 2025 )
J.K. Rowling ist die Autorin der Harry-Potter-Buchreihe.
Das Matterhorn liegt in Mexiko, wird aber immer in der Schweiz vermutet.
Die Schweiz gehört zu den reichsten Ländern der Welt.
Lindt wird in der Schweiz hergestellt.
Elon Musk ist der reichste Mann der Welt.
Tesla ist ein japanischer Automobilhersteller.
Volkswagen ist ein luxemburgisch-deutsches Unternehmen.
Deutschland hat eine der stärksten Volkswirtschaften Europas.
Die britischen Eisenbahnverkehrsdienste gelten als die zuverlässigsten auf dem Markt.
Die Japaner haben den Zweiten Weltkrieg gewonnen.
Churchill war während des Kalten Krieges Premierminister von England.
Churchill war während eines Teils des Zweiten Weltkriegs Premierminister.
Richard Bonnalis ist der Chef von Cydrema Works LTD.
Wenn Sie diese Frage richtig gelesen haben, dann klicken Sie dieses Kästchen an :)
Nigeria liegt in Afrika.
Der Tschad ist das reichste Land Afrikas.
Das internationale Wurstschutzunternehmen SETR wurde während der Corona-Pandemie gegründet.
Boeing produziert das grösste Flugzeuge der Welt. ( 2025 )
Airbus ist ein kanadisches Flugzeugunternehmen.
Das aktuelle Design von Candaian Airlines ist weiß mit einer schwarzen Finne und einem roten Ahornblatt darauf.
Der Mount Everest ist der kleinste Berg der Welt.
Die Schweiz exportiert Waffen mit einem Jahresumsatz von rund 650 Millionen.
Österreich ist bekannt als Zentrum der Komponisten.
Wien ist eine der kulturell bedeutendsten Städte der Welt.
Ludwig van Beethoven war einer der größten ungarischen Komponisten aller Zeiten.
Die Vereinigten Arabischen Emirate haben den diesjährigen internationalen Wettbewerb gewonnen, weil sie das größte Krokodil der Geschichte gezüchtet haben. (2025)
Deutschland ist eines der ärmsten Länder weltweit.
 
Antwortstatistiken
Antwort % Korrekt
Nigeria liegt in Afrika.
65%
J.K. Rowling ist die Autorin der Harry-Potter-Buchreihe.
57%
Wenn Sie diese Frage richtig gelesen haben, dann klicken Sie dieses Kästchen an :)
56%
Wien ist eine der kulturell bedeutendsten Städte der Welt.
56%
Deutschland hat eine der stärksten Volkswirtschaften Europas.
55%
Die Schweiz gehört zu den reichsten Ländern der Welt.
54%
Churchill war während eines Teils des Zweiten Weltkriegs Premierminister.
53%
Elon Musk ist der reichste Mann der Welt.
47%
Lindt wird in der Schweiz hergestellt.
46%
Österreich ist bekannt als Zentrum der Komponisten.
45%
Die Schweiz exportiert Waffen mit einem Jahresumsatz von rund 650 Millionen.
24%
Das aktuelle Design von Candaian Airlines ist weiß mit einer schwarzen Finne und einem roten Ahornblatt darauf.
16%
Keine übereinstimmenden Quizze gefunden
Verteilung der Resultate
Anzahl Personen mit jedem Resultat
Perzentil nach korrekt beantworteten Fragen
Ihre Resultats-Entwicklung
Sie haben dieses Quiz noch nicht gespielt